<?xml version="1.0" encoding="UTF-8"?>
<record
    xmlns:xsi="http://www.w3.org/2001/XMLSchema-instance"
    xsi:schemaLocation="http://www.loc.gov/MARC21/slim http://www.loc.gov/standards/marcxml/schema/MARC21slim.xsd"
    xmlns="http://www.loc.gov/MARC21/slim">

  <leader>01771nam a2200433 a 4500</leader>
  <controlfield tag="005">20240221120722.0</controlfield>
  <controlfield tag="008">110328s1998||||ag     f |||| 001 0 spa d</controlfield>
  <datafield tag="020" ind1=" " ind2=" ">
    <subfield code="a">S/N</subfield>
  </datafield>
  <datafield tag="041" ind1=" " ind2=" ">
    <subfield code="a">spa</subfield>
  </datafield>
  <datafield tag="092" ind1=" " ind2=" ">
    <subfield code="c">618.3</subfield>
    <subfield code="l">68</subfield>
    <subfield code="s">PRO</subfield>
  </datafield>
  <datafield tag="110" ind1="1" ind2=" ">
    <subfield code="a">Argentina. Ministerio de Salud y Acci&#xF3;n Social de la Naci&#xF3;n. </subfield>
    <subfield code="b">Secretaria de Programas de Salud. Subsecretaria de Atenci&#xF3;n Comunitaria. Direcci&#xF3;n de Salud Materno Infantil.</subfield>
    <subfield code="9">697</subfield>
  </datafield>
  <datafield tag="245" ind1=" " ind2=" ">
    <subfield code="a">Propuesta Normativa Perinatal.</subfield>
    <subfield code="b">T.4 Atenci&#xF3;n del parto de riesgo /</subfield>
    <subfield code="c">Ministerio de Salud y Acci&#xF3;n Social de la Naci&#xF3;n.</subfield>
  </datafield>
  <datafield tag="250" ind1=" " ind2=" ">
    <subfield code="a">1a ed.</subfield>
  </datafield>
  <datafield tag="260" ind1=" " ind2=" ">
    <subfield code="a">Buenos Aires: </subfield>
    <subfield code="b">Ministerio de Salud y Acci&#xF3;n Social de la Naci&#xF3;n;</subfield>
    <subfield code="c">1998.</subfield>
  </datafield>
  <datafield tag="300" ind1=" " ind2=" ">
    <subfield code="a">96 p.</subfield>
  </datafield>
  <datafield tag="500" ind1=" " ind2=" ">
    <subfield code="a">Argentina. Ministerio de Salud y Acci&#xF3;n Social de la Naci&#xF3;n. Direcci&#xF3;n de Salud Materno Infantil (1998). Propuesta Normativa Perinatal. T.4 Atenci&#xF3;n al parto del riesgo. (1a ed.). Buenos Aires : Ministerio de Salud y Acci&#xF3;n Social de la Naci&#xF3;n. </subfield>
  </datafield>
  <datafield tag="590" ind1=" " ind2=" ">
    <subfield code="a">Donaci&#xF3;n de Subsecretaria de Salud, Feb. 2011.</subfield>
  </datafield>
  <datafield tag="653" ind1=" " ind2=" ">
    <subfield code="a">Parto de riesgo</subfield>
  </datafield>
  <datafield tag="653" ind1=" " ind2=" ">
    <subfield code="a">Parto de riesgo por distocia</subfield>
  </datafield>
  <datafield tag="653" ind1=" " ind2=" ">
    <subfield code="a">Admisi&#xF3;n de la embaraza de riesgo</subfield>
  </datafield>
  <datafield tag="653" ind1=" " ind2=" ">
    <subfield code="a">Periodo de dilataci&#xF3;n patol&#xF3;gica</subfield>
  </datafield>
  <datafield tag="653" ind1=" " ind2=" ">
    <subfield code="a">Atenci&#xF3;n del parto de riesgo. Periodo expulsivo patol&#xF3;gico</subfield>
  </datafield>
  <datafield tag="653" ind1=" " ind2=" ">
    <subfield code="a">Periodo placentario patol&#xF3;gico</subfield>
  </datafield>
  <datafield tag="653" ind1=" " ind2=" ">
    <subfield code="a">Morbilidad y mortalidad materna post parto</subfield>
  </datafield>
  <datafield tag="653" ind1=" " ind2=" ">
    <subfield code="a">Reci&#xE9;n nacido del parto de riesgo</subfield>
  </datafield>
  <datafield tag="653" ind1=" " ind2=" ">
    <subfield code="a">Control de la integridad del binomio madre hijo</subfield>
  </datafield>
  <datafield tag="653" ind1=" " ind2=" ">
    <subfield code="a">Normas de seguridad institucional</subfield>
  </datafield>
  <datafield tag="930" ind1=" " ind2=" ">
    <subfield code="a">2190</subfield>
  </datafield>
  <datafield tag="930" ind1=" " ind2=" ">
    <subfield code="a">2191</subfield>
  </datafield>
  <datafield tag="930" ind1=" " ind2=" ">
    <subfield code="a">2192</subfield>
  </datafield>
  <datafield tag="930" ind1=" " ind2=" ">
    <subfield code="a">2193</subfield>
  </datafield>
  <datafield tag="930" ind1=" " ind2=" ">
    <subfield code="a">2194</subfield>
  </datafield>
  <datafield tag="930" ind1=" " ind2=" ">
    <subfield code="a">2195</subfield>
  </datafield>
  <datafield tag="930" ind1=" " ind2=" ">
    <subfield code="a">2196</subfield>
  </datafield>
  <datafield tag="930" ind1=" " ind2=" ">
    <subfield code="a">2197</subfield>
  </datafield>
  <datafield tag="930" ind1=" " ind2=" ">
    <subfield code="a">2198</subfield>
  </datafield>
  <datafield tag="930" ind1=" " ind2=" ">
    <subfield code="a">2199</subfield>
  </datafield>
  <datafield tag="942" ind1=" " ind2=" ">
    <subfield code="2">ddc</subfield>
    <subfield code="c">BK</subfield>
  </datafield>
  <datafield tag="999" ind1=" " ind2=" ">
    <subfield code="c">3167</subfield>
    <subfield code="d">3167</subfield>
  </datafield>
  <datafield tag="952" ind1=" " ind2=" ">
    <subfield code="0">0</subfield>
    <subfield code="1">0</subfield>
    <subfield code="2">ddc</subfield>
    <subfield code="4">0</subfield>
    <subfield code="7">0</subfield>
    <subfield code="a">BFM</subfield>
    <subfield code="b">BFM</subfield>
    <subfield code="c">CR</subfield>
    <subfield code="d">2023-08-01</subfield>
    <subfield code="e">Donaci&#xF3;n Julio 2023.</subfield>
    <subfield code="l">0</subfield>
    <subfield code="o">618.2 68 PRO</subfield>
    <subfield code="p">4865</subfield>
    <subfield code="r">2023-08-01</subfield>
    <subfield code="t">Ej.1</subfield>
    <subfield code="w">2023-08-01</subfield>
    <subfield code="y">BK</subfield>
    <subfield code="z">Donaci&#xF3;n Julio 2023</subfield>
    <subfield code="f"></subfield>
  </datafield>
  <datafield tag="952" ind1=" " ind2=" ">
    <subfield code="0">0</subfield>
    <subfield code="1">0</subfield>
    <subfield code="2">ddc</subfield>
    <subfield code="4">0</subfield>
    <subfield code="7">0</subfield>
    <subfield code="a">BFM</subfield>
    <subfield code="b">BFM</subfield>
    <subfield code="c">CR</subfield>
    <subfield code="d">2023-08-01</subfield>
    <subfield code="e">Donaci&#xF3;n Julio 2023.</subfield>
    <subfield code="l">0</subfield>
    <subfield code="o">618.2 68 PRO</subfield>
    <subfield code="p">4866</subfield>
    <subfield code="r">2023-08-01</subfield>
    <subfield code="t">Ej. 2</subfield>
    <subfield code="w">2023-08-01</subfield>
    <subfield code="y">BK</subfield>
    <subfield code="z">Donaci&#xF3;n Julio 2023</subfield>
    <subfield code="f"></subfield>
  </datafield>
</record>
